[Event "Detroit (MOR/6/78)"]
[Site "?"]
[Date "1992.??.??"]
[Round "?"]
[White "Troupe, D."]
[Black "Sunts, A."]
[Result "1-0"]
[WhiteElo "1605"]
[BlackElo "1605"]
[PlyCount "103"]
[EventDate "1992.??.??"]

{6/(78)} 1. e4 e5 2. Nf3 Nc6 3. Bb5 d6 4. h3 Bd7 5. d3 a6 6. Ba4 Be7 7. Be3 Bf6
8. Nc3 Nge7 9. O-O O-O 10. a3 Ng6 11. Nd5 Be7 12. Nxe7+ Ncxe7 13. Bxd7 Qxd7 14.
Qe2 c5 15. c3 f5 16. Bg5 f4 17. d4 b6 18. dxe5 dxe5 19. Qc4+ Kh8 20. Rad1 Qc7
21. Qe6 Rad8 22. Nh4 Rxd1 23. Rxd1 Nxh4 24. Rd7 Qc6 25. Qxe7 Rg8 26. Rd8 h6 27.
Rd6 Ng6 28. Rxc6 Nxe7 29. Bxe7 Rb8 30. Bd6 Rd8 31. Rxb6 a5 32. Bxe5 Kh7 33.
Bxf4 a4 34. Rc6 Rd1+ 35. Kh2 Rb1 36. Rxc5 Rxb2 37. Ra5 Rxf2 38. Kg3 Rc2 39. Be5
h5 40. Rxa4 h4+ 41. Kf3 g6 42. Ra7+ Kg8 43. Rg7+ Kf8 44. Rxg6 Kf7 45. Rh6 Ra2
46. Rxh4 Rxa3 47. Kf4 Kg6 48. Rg4+ Kh5 49. Bg7 Ra4 50. Bd4 Ra8 51. e5 Rf8+ 52.
Ke4 1-0

[Event "East Lansing (MI Am/4)"]
[Site "?"]
[Date "1992.??.??"]
[Round "?"]
[White "Troupe, D."]
[Black "Phalen, Michael"]
[Result "1-0"]
[WhiteElo "1605"]
[BlackElo "1605"]
[PlyCount "55"]
[EventDate "1992.??.??"]

1. e4 e5 2. Nf3 Nc6 3. Bc4 Bc5 4. d3 h6 5. Nc3 Nf6 6. h3 O-O 7. O-O d6 8. Bd2
Bd7 9. a3 Qc8 10. Kh2 Nd4 11. Nxd4 exd4 12. Nd5 Re8 13. Nxf6+ gxf6 14. Qh5 d5
15. Bxd5 Be6 16. Bxe6 Rxe6 17. Qxc5 Re5 18. Qxd4 c5 19. Qd6 Kg7 20. Bxh6+ Kxh6
21. Qxf6+ Kh7 22. Qxe5 Qg8 23. Rae1 Re8 24. Qh5+ Kg7 25. Re3 Kf8 26. Qxc5+ Re7
27. d4 Ke8 28. Qc8# 1-0

[Event "East Lansing (MI Am/2)"]
[Site "?"]
[Date "1992.??.??"]
[Round "?"]
[White "Troupe, D."]
[Black "Boyle, John"]
[Result "1-0"]
[WhiteElo "1605"]
[BlackElo "1605"]
[PlyCount "169"]
[EventDate "1992.??.??"]

1. e4 c5 2. Nf3 d6 3. Bc4 Nf6 4. d3 g6 5. Ng5 e6 6. O-O Bg7 7. Bf4 O-O 8. Nc3
Nc6 9. Nb5 d5 10. exd5 exd5 11. Bb3 a6 12. Nc7 Ra7 13. c3 Nh5 14. Qd2 Nxf4 15.
Qxf4 Bh6 16. Nxd5 Qxg5 17. Qd6 Bh3 18. Qg3 Qxg3 19. fxg3 Be6 20. Nf6+ Kg7 21.
Bc2 Bg5 22. Ne4 Be3+ 23. Kh1 Bd5 24. Nf6 Rd8 25. h4 Rd6 26. Nxd5 Rxd5 27. Bb3
Rf5 28. Rxf5 gxf5 29. Rf1 Ne7 30. Re1 c4 31. Bxc4 b5 32. Rxe3 bxc4 33. dxc4 h5
34. b4 Ng6 35. Kg1 Rc7 36. c5 a5 37. a3 f4 38. gxf4 Nxf4 39. g3 Nd5 40. Rd3 Ne7
41. c4 axb4 42. axb4 Rb7 43. b5 Rc7 44. c6 Nxc6 45. bxc6 Rxc6 46. Rc3 Kf6 47.
Kf2 Ke5 48. Ke3 f5 49. c5 Rg6 50. Kf3 Kd4 51. Rc1 Ke5 52. c6 Rg8 53. c7 Rc8 54.
Ke3 f4+ 55. gxf4+ Kf5 56. Kf3 Ke6 57. Ke4 Kd6 58. f5 Ke7 59. Ke5 Kf7 60. Rc6
Re8+ 61. Kd5 Rc8 62. Ke5 Re8+ 63. Kf4 Rc8 64. Kg5 Ke7 65. Kxh5 Kd7 66. Rc1 Rxc7
67. Rxc7+ Kxc7 68. Kg6 Kd7 69. Kf7 Kd6 70. f6 Ke5 71. h5 Kf5 72. h6 Ke4 73. h7
Kd3 74. h8=Q Ke3 75. Ke6 Ke4 76. Qh4+ Ke3 77. Ke5 Kf3 78. Qe4+ Kg3 79. Qf4+ Kg2
80. Ke4 Kh3 81. f7 Kg2 82. f8=Q Kh3 83. Ke3 Kg2 84. Qg7+ Kh3 85. Qfh6# 1-0

[Event "Detroit (MOR/3/73)"]
[Site "?"]
[Date "1992.??.??"]
[Round "?"]
[White "Troupe, D."]
[Black "Basas, J."]
[Result "0-1"]
[WhiteElo "1605"]
[BlackElo "1735"]
[PlyCount "50"]
[EventDate "1992.??.??"]

{3/(73)} 1. e4 e5 2. Nf3 Nc6 3. Bb5 d6 4. d4 a6 5. Bxc6+ bxc6 6. h3 exd4 7.
Qxd4 Be6 8. Nc3 h6 9. O-O Ne7 10. Be3 Qd7 11. Kh2 Rg8 12. Rfd1 g5 13. g4 Bg7
14. Qb4 Bxg4 15. hxg4 Qxg4 16. Qb7 Qxf3 17. Qxa8+ Kd7 18. Qxa6 Be5+ 19. Kg1 Qh3
20. Qb7 Bh2+ 21. Kh1 Rg6 22. Na4 Bf4+ 23. Kg1 Qh2+ 24. Kf1 Bxe3 25. Rxd6+ Rxd6
0-1

[Event "Jackson (Prison m)"]
[Site "?"]
[Date "1992.??.??"]
[Round "?"]
[White "Tripp, Steve"]
[Black "H, Watson"]
[Result "1-0"]
[WhiteElo "1605"]
[BlackElo "1605"]
[PlyCount "73"]
[EventDate "1992.??.??"]

1. d4 Nf6 2. c4 e6 3. Nc3 Bb4 4. a3 Bxc3+ 5. bxc3 Ne4 6. Qc2 d5 7. cxd5 exd5 8.
e3 Qf6 9. Rb1 b6 10. Nf3 Bf5 11. Bb5+ c6 12. Qb2 O-O 13. Ba4 h5 14. Ne5 g5 15.
Bc2 g4 16. Rf1 h4 17. f3 gxf3 18. gxf3 Ng5 19. Rg1 Kh8 20. Bxf5 Qxf5 21. Ke2
Rg8 22. Bd2 f6 23. f4 Ne6 24. Rxg8+ Kxg8 25. Rg1+ Kf8 26. Ng6+ Ke8 27. Nxh4
Qh5+ 28. Nf3 Kd7 29. Qb4 Na6 30. Qa4 Nac7 31. c4 Re8 32. Rb1 Nxf4+ 33. Kf2 Nh3+
34. Ke2 Nf4+ 35. Kf2 Nd3+ 36. Ke2 Qf5 37. Qc2 1-0

[Event "Flint (Class A/2)"]
[Site "?"]
[Date "1992.??.??"]
[Round "?"]
[White "Triplett, Thomas"]
[Black "Wydryck, Robert"]
[Result "1/2-1/2"]
[WhiteElo "1890"]
[BlackElo "1970"]
[PlyCount "73"]
[EventDate "1992.??.??"]

1. e4 c5 2. Nf3 Nc6 3. d4 cxd4 4. Nxd4 g6 5. c4 Bg7 6. Be3 Nf6 7. Nc3 d6 8. Be2
O-O 9. O-O Bd7 10. Nc2 Rc8 11. f4 a6 12. Rb1 Na5 13. b3 b5 14. Nd5 Nxd5 15.
cxd5 Qc7 16. Bd3 Nb7 17. b4 e6 18. Qe2 exd5 19. exd5 Rfe8 20. Qf3 Qd8 21. Nd4
Rc3 22. Rfd1 h5 23. h3 Qf6 24. Nc6 Bxc6 25. dxc6 Nd8 26. c7 Rxc7 27. Bb6 Rd7
28. Be4 Qc3 29. Rd3 Qc2 30. Re3 Qc8 31. Kh1 Rde7 32. Bd5 Rxe3 33. Bxe3 Qf5 34.
Rc1 Ne6 35. Bb7 Nd4 36. Qf2 Qd3 37. Bxd4 1/2-1/2

[Event "Detroit (MI Op/3/24)"]
[Site "?"]
[Date "1992.??.??"]
[Round "?"]
[White "Triplett, Thomas"]
[Black "Wilson, Vester"]
[Result "0-1"]
[WhiteElo "1915"]
[BlackElo "2055"]
[PlyCount "120"]
[EventDate "1992.??.??"]

{3/(24)} 1. e4 e5 2. Nf3 Nc6 3. Bb5 a6 4. Bxc6 dxc6 5. O-O Bg4 6. h3 h5 7. d3
Qf6 8. Nbd2 Ne7 9. Nc4 Ng6 10. Re1 O-O-O 11. Be3 b5 12. Ncd2 Nf4 13. Bxf4 Qxf4
14. Nb3 c5 15. Qe2 Bxf3 16. Qxf3 Qxf3 17. gxf3 c4 18. Nc1 Bb4 19. Rd1 Rh6 20.
Ne2 Rg6+ 21. Kf1 Rgd6 22. Nc1 c5 23. a3 Ba5 24. Ke2 f5 25. Na2 g5 26. Nc3 Bxc3
27. bxc3 g4 28. fxg4 hxg4 29. hxg4 cxd3+ 30. Rxd3 fxe4 31. Rxd6 Rxd6 32. Rd1
Rg6 33. Rd5 c4 34. Rxe5 Rxg4 35. Ke3 Kb7 36. Rxe4 Rg1 37. f4 Rg2 38. Kd4 Rxc2
39. Re3 Rd2+ 40. Ke4 Kc6 41. Rf3 Kd6 42. f5 Ke7 43. f6+ Kf7 44. Ke5 Rd3 45. Ke4
Rxf3 46. Kxf3 Kxf6 47. Ke4 Ke6 48. Kd4 Kd6 49. a4 Kc6 50. a5 Kd6 51. Ke3 Kc5
52. Kd2 b4 53. Kc2 b3+ 54. Kb2 Kb5 55. Ka3 Kxa5 56. Kb2 Ka4 57. Kb1 Ka3 58. Ka1
b2+ 59. Kb1 a5 60. Kc2 Ka2 0-1

[Event "Lansing (Aug)"]
[Site "?"]
[Date "1992.??.??"]
[Round "?"]
[White "Triplett, Thomas"]
[Black "Stigter, J."]
[Result "1-0"]
[WhiteElo "1915"]
[BlackElo "2080"]
[PlyCount "97"]
[EventDate "1992.??.??"]

1. e4 e5 2. Nf3 Nf6 3. Nxe5 d6 4. Nf3 Nxe4 5. d4 d5 6. Bd3 Nc6 7. O-O Be7 8.
Re1 Bg4 9. c3 f5 10. h3 Bh5 11. Bf4 g5 12. Bh2 Qd7 13. Nbd2 Nxd2 14. Qxd2 Bxf3
15. gxf3 O-O-O 16. Be5 Rhg8 17. Qc2 Rdf8 18. Kh2 h5 19. Rg1 Bd6 20. Rae1 g4 21.
f4 Kb8 22. h4 Be7 23. Kg3 Bxh4+ 24. Kxh4 Ne7 25. Rh1 Ng6+ 26. Kg3 h4+ 27. Kg2
h3+ 28. Kf1 Nh4 29. Ke2 Nf3 30. Ref1 Qh7 31. Kd1 g3 32. fxg3 Rxg3 33. Qe2 Qh5
34. Kc1 Rfg8 35. Bc2 h2 36. Bd1 Rg1 37. Qf2 Rxf1 38. Qxf1 Rg3 39. Bxf3 Rxf3 40.
Qg2 a6 41. Rxh2 Rf1+ 42. Qxf1 Qxh2 43. Kb1 Qh7 44. Qg1 Ka7 45. a3 c6 46. Ka2
Qh3 47. Qg8 a5 48. a4 Qd3 49. Bc7 1-0

[Event "Flint (Class A/4)"]
[Site "?"]
[Date "1992.??.??"]
[Round "?"]
[White "Triplett, Thomas"]
[Black "Stefanski, Mark"]
[Result "1-0"]
[WhiteElo "1890"]
[BlackElo "1955"]
[PlyCount "60"]
[EventDate "1992.??.??"]

1. e4 c6 2. Nc3 d5 3. Nf3 dxe4 4. Nxe4 Nf6 5. Nxf6+ exf6 6. d3 Bd6 7. Be2 O-O
8. O-O Bg4 9. Bd2 Qc7 10. h3 Bf5 11. Re1 Nd7 12. Nh4 Be6 13. Bg4 Nc5 14. d4
Bxg4 15. Qxg4 Ne6 16. Nf5 Kh8 17. Re2 g6 18. Nxd6 Qxd6 19. c3 Rfe8 20. Rae1 Re7
21. Qh4 g5 22. Qh6 Nxd4 23. cxd4 Rxe2 24. Rxe2 Rg8 25. Bc3 Rg6 26. Re8+ Rg8 27.
Rxg8+ Kxg8 28. d5 Qf4 29. Qxf6 Qc1+ 30. Kh2 Qh1+ 1-0

[Event "Lansing (Apr)"]
[Site "?"]
[Date "1992.??.??"]
[Round "?"]
[White "Triplett, Thomas"]
[Black "Mikus, Jim"]
[Result "1-0"]
[WhiteElo "1910"]
[BlackElo "1780"]
[PlyCount "69"]
[EventDate "1992.??.??"]

1. e4 c6 2. d4 d5 3. Nd2 dxe4 4. Nxe4 Nd7 5. Bg5 Ngf6 6. Qe2 e6 7. Nf3 Be7 8.
O-O-O Qa5 9. Bxf6 Nxf6 10. Nxf6+ Bxf6 11. Kb1 Bd7 12. Ne5 Bxe5 13. dxe5 O-O-O
14. Qe3 Kb8 15. Be2 c5 16. Bf3 Qb5 17. Rd6 Rc8 18. Be2 c4 19. Rhd1 Bc6 20. Qg5
g6 21. Rd8 Bd5 22. Rxh8 Rxh8 23. c3 h6 24. Qf6 Qe8 25. Bf3 Bxf3 26. Qxf3 Rf8
27. Qf6 Qc6 28. f3 h5 29. Rd6 Qc7 30. Rxe6 Rd8 31. Rd6 Rf8 32. h4 Qc5 33. Rd1
a6 34. e6 fxe6 35. Qxe6 1-0

[Event "Detroit (MI Op/4/38)"]
[Site "?"]
[Date "1992.??.??"]
[Round "?"]
[White "Triplett, Thomas"]
[Black "Lubben, Don"]
[Result "1/2-1/2"]
[WhiteElo "1915"]
[BlackElo "1830"]
[PlyCount "120"]
[EventDate "1992.??.??"]

{4/(38)} 1. e4 e6 2. d4 d5 3. Nd2 dxe4 4. Nxe4 Nf6 5. Bg5 Be7 6. Bxf6 Bxf6 7.
Nxf6+ Qxf6 8. Nf3 O-O 9. Bd3 c5 10. O-O cxd4 11. Nxd4 Rd8 12. Nf3 Nc6 13. Qc1
b6 14. Ng5 h6 15. Ne4 Qe7 16. a3 Bb7 17. Qf4 Rd4 18. Qg3 Rad8 19. Nc3 h5 20. f4
Qc5 21. Rf2 Ne7 22. Raf1 Nf5 23. Qg5 Ne3 24. Qxc5 bxc5 25. Re1 Nxg2 26. Rxg2
Bxg2 27. Kxg2 Rxf4 28. h3 c4 29. Ne2 Rf6 30. Bxc4 Rg6+ 31. Kh2 Rg5 32. Bd3 g6
33. Rf1 Kg7 34. Rf4 Re5 35. Nc3 Rb8 36. b3 g5 37. Rc4 f5 38. Rc7+ Kf6 39. Rxa7
g4 40. Ne2 h4 41. hxg4 fxg4 42. Rh7 Rd8 43. Rh6+ Kf7 44. Rh7+ Kf6 45. Rh6+ Kf7
46. Rxh4 Rxd3 47. cxd3 Rxe2+ 48. Kg1 Rb2 49. b4 Rb3 50. Rxg4 Rxa3 51. Rd4 e5
52. Re4 Ke6 53. d4 Kd5 54. Rxe5+ Kxd4 55. Rh5 Kc4 56. b5 Rb3 57. Kf2 Rxb5 58.
Rh4+ Kc5 59. Ke3 Kb6 60. Kd3 Rd5+ 1/2-1/2

[Event "East Lansing (MI Am/2)"]
[Site "?"]
[Date "1992.??.??"]
[Round "?"]
[White "Triplett, Thomas"]
[Black "Letourneau, Keith"]
[Result "1/2-1/2"]
[WhiteElo "1920"]
[BlackElo "1605"]
[PlyCount "110"]
[EventDate "1992.??.??"]

1. e4 c6 2. d4 d5 3. Nd2 dxe4 4. Nxe4 Bf5 5. Ng3 Bg6 6. Nf3 e6 7. Be3 Nd7 8.
Be2 Bd6 9. Qd2 Qc7 10. O-O-O Rc8 11. Nh4 Ne7 12. Nxg6 hxg6 13. Ne4 Nf5 14.
Nxd6+ Qxd6 15. g3 Nxe3 16. Qxe3 Nf6 17. Kb1 Nd5 18. Qe5 Qxe5 19. dxe5 Ke7 20.
c3 Rcd8 21. Kc2 Nb6 22. f4 Nd5 23. Rd3 Rd7 24. h4 Nb6 25. Rxd7+ Nxd7 26. b4 Nb6
27. Rd1 Rd8 28. Rxd8 Kxd8 29. c4 Ke7 30. Kb3 f6 31. exf6+ Kxf6 32. Bd3 Nd7 33.
a4 e5 34. c5 exf4 35. gxf4 Nf8 36. b5 Ne6 37. Kc4 Nxf4 38. bxc6 bxc6 39. Be4 g5
40. hxg5+ Kxg5 41. Bxc6 Kf6 42. Bf3 Ke7 43. Kb5 Ne6 44. Bg2 Kd7 45. Bh3 g5 46.
Ka6 Ke7 47. c6 Nc5+ 48. Kxa7 Kd6 49. Bg2 Kc7 50. a5 Nb3 51. Ka6 Nd4 52. Bh1 g4
53. Bg2 g3 54. Bh1 Nxc6 55. Kb5 Nxa5 1/2-1/2

[Event "Detroit (MI Op/6/22)"]
[Site "?"]
[Date "1992.??.??"]
[Round "?"]
[White "Triplett, Thomas"]
[Black "Golonka, Stan"]
[Result "0-1"]
[WhiteElo "1915"]
[BlackElo "2025"]
[PlyCount "120"]
[EventDate "1992.??.??"]

{6/(22)} 1. e4 c5 2. Nf3 Nc6 3. d4 cxd4 4. Nxd4 e5 5. Nb5 a6 6. Nd6+ Bxd6 7.
Qxd6 Qf6 8. Qd1 Qg6 9. Nc3 Nge7 10. h4 h5 11. Bg5 d5 12. Bxe7 d4 13. Ne2 Nxe7
14. Qd3 Nc6 15. O-O-O O-O 16. Ng3 f5 17. exf5 Bxf5 18. Nxf5 Qxf5 19. Qxf5 Rxf5
20. Bc4+ Kf8 21. f3 Rd8 22. Bd3 Rf6 23. a3 b5 24. Rde1 Ke7 25. Rhf1 Kd6 26. Re2
Re8 27. Rfe1 Re7 28. Kb1 Rf4 29. Be4 Nd8 30. g3 Rf6 31. Ka2 Ne6 32. b4 Nf8 33.
Rd2 Rc7 34. Rd3 Rxc2+ 35. Kb3 Rc4 36. Bb7 a5 37. bxa5 Nd7 38. Be4 Nc5+ 39. Kb2
Nxd3+ 40. Bxd3 Rxf3 41. Bxc4 bxc4 42. a6 Rf2+ 43. Kb1 Rf7 44. g4 hxg4 45. Rg1
Ra7 46. Rxg4 Kd5 47. Rg6 Ke4 48. Kc2 Kf5 49. h5 Ke4 50. a4 Kf4 51. a5 e4 52. h6
gxh6 53. Rxh6 e3 54. Rc6 Ke4 55. Rxc4 Rxa6 56. Rc5 d3+ 57. Kc1 Kd4 58. Rh5 Rg6
59. Kb2 Rg2+ 60. Kb3 e2 0-1

[Event "Lansing (Aug)"]
[Site "?"]
[Date "1992.??.??"]
[Round "?"]
[White "Triplett, Thomas"]
[Black "Gabbara, Faris"]
[Result "0-1"]
[WhiteElo "1915"]
[BlackElo "2090"]
[PlyCount "84"]
[EventDate "1992.??.??"]

1. e4 e5 2. Nf3 Nc6 3. Bb5 Nf6 4. O-O Nxe4 5. d3 Nd6 6. Bxc6 dxc6 7. Nxe5 Be7
8. Re1 O-O 9. Nc3 Nf5 10. b3 Bc5 11. Be3 Nxe3 12. fxe3 Bb4 13. Qd2 Qf6 14. d4
Rd8 15. Nd3 Ba5 16. b4 Bb6 17. Rf1 Qh6 18. Qf2 Be6 19. Ne4 a5 20. a3 Bc4 21.
Rad1 axb4 22. axb4 Re8 23. Ne5 Rxe5 24. Qf3 Re7 25. Rfe1 Bd5 26. Ra1 Rae8 27.
Kh1 Bxe4 28. Qg3 Qg6 29. Qf2 h6 30. c4 Bxd4 31. exd4 Bxg2+ 32. Kg1 Bh3+ 33. Qg3
Rxe1+ 34. Rxe1 Rxe1+ 35. Kf2 Rf1+ 36. Ke3 Qe6+ 37. Kd2 Bg4 38. Qe5 Rd1+ 39. Kc3
Qg6 40. Qe3 Qb1 41. d5 Rc1+ 42. Kd4 Qa1+ 0-1

[Event "Lansing (Apr)"]
[Site "?"]
[Date "1992.??.??"]
[Round "?"]
[White "Triplett, Thomas"]
[Black "Ford, William"]
[Result "0-1"]
[WhiteElo "1910"]
[BlackElo "1955"]
[PlyCount "134"]
[EventDate "1992.??.??"]

1. e4 e5 2. Nf3 Nf6 3. Nxe5 d6 4. Nf3 Nxe4 5. d4 d5 6. Bd3 Bg4 7. O-O Be7 8.
Re1 Nd6 9. Bg5 f6 10. Bf4 Nc6 11. c3 Qd7 12. Nbd2 O-O-O 13. Qb3 Be6 14. Re2 g5
15. Bxd6 Bxd6 16. Rae1 Bg4 17. Qc2 Kb8 18. Bb5 h5 19. Qb3 Ka8 20. Kh1 Bf8 21.
Re3 Rh7 22. a4 h4 23. h3 Bf5 24. Nh2 Bh6 25. R3e2 g4 26. Bxc6 bxc6 27. hxg4 Bd3
28. Ndf3 Bxe2 29. Rxe2 Bf4 30. Qc2 Bxh2 31. Nxh2 Re7 32. Kg1 Rde8 33. Re3 Rxe3
34. fxe3 Rxe3 35. Qd2 Rg3 36. Qe1 Qd6 37. Kh1 h3 38. gxh3 Rxh3 39. Qe2 Qg3 40.
a5 Qe3 41. Qxe3 Rxe3 42. Kg1 Re2 43. b3 Rc2 44. c4 dxc4 45. bxc4 Rxc4 46. Nf3
Ra4 47. Kf2 Rxa5 48. Ke3 Ra3+ 49. Ke4 Rxf3 50. Kxf3 a5 51. Ke3 Kb7 52. Kd3 Kb6
53. Kc4 a4 54. Kb4 a3 55. Kxa3 Kb5 56. Kb3 c5 57. d5 c4+ 58. Kc3 Kc5 59. Kd2
Kxd5 60. Kc3 c5 61. Kd2 Ke4 62. Kc3 Kf4 63. Kxc4 Kxg4 64. Kxc5 Kg3 65. Kd4 f5
66. Ke3 f4+ 67. Ke2 Kg2 0-1

[Event "Detroit (MI Op/1a/11)"]
[Site "?"]
[Date "1992.??.??"]
[Round "?"]
[White "Triplett, Thomas"]
[Black "Ciaffone, Bob"]
[Result "0-1"]
[WhiteElo "1915"]
[BlackElo "2220"]
[PlyCount "69"]
[EventDate "1992.??.??"]

1. e4 c5 2. Nf3 Nc6 3. d4 cxd4 4. Nxd4 Qb6 5. Nxc6 bxc6 6. Bd3 Nf6 7. O-O e5 8.
Nc3 Be7 9. Rb1 O-O 10. Kh1 d6 11. Bg5 Be6 12. Bxf6 Bxf6 13. Be2 Rad8 14. Bg4
Bc4 15. Be2 Be6 16. Bg4 Bc4 17. Be2 Bxe2 18. Qxe2 g6 19. Qc4 Kg7 20. b3 Qd4 21.
Qxd4 exd4 22. Ne2 Rfe8 23. f3 d5 24. Ng3 Bh4 25. exd5 Rxd5 26. Ne4 f5 27. Nf2
Re2 28. g3 Bg5 29. f4 Bf6 30. Nd3 Rd8 31. Rbc1 Rde8 32. Rfe1 R8e4 33. Rxe2 Rxe2
34. h4 Kf7 35. a3 0-1

[Event "East Lansing (MI Am/4)"]
[Site "?"]
[Date "1992.??.??"]
[Round "?"]
[White "Triplett, Thomas"]
[Black "Brown, Dan"]
[Result "1-0"]
[WhiteElo "1920"]
[BlackElo "1855"]
[PlyCount "119"]
[EventDate "1992.??.??"]

1. e4 c5 2. Nc3 Nc6 3. g3 Nf6 4. Bg2 e5 5. Nge2 Be7 6. O-O d6 7. d3 Bg4 8. f3
Be6 9. f4 Bg4 10. f5 Nd4 11. Be3 a6 12. h3 Bxe2 13. Nxe2 h6 14. Nc3 b5 15. g4
b4 16. Ne2 Rb8 17. Ng3 Kd7 18. c3 bxc3 19. Qa4+ Nc6 20. bxc3 Qa5 21. Qc2 Rb5
22. Rfb1 Rhb8 23. Rxb5 Rxb5 24. a4 Bd8 25. Ra2 Rb6 26. Kh2 Ke7 27. Bd2 Rb7 28.
Bc1 Nd7 29. Bf3 Kf8 30. Bd1 Nf6 31. h4 Nh7 32. Kh3 Qc7 33. Nf1 Qe7 34. Qf2 Na5
35. Ne3 Nf6 36. g5 hxg5 37. hxg5 Nxe4 38. dxe4 Qxg5 39. Qg3 Qh6+ 40. Kg2 Bh4
41. Qg4 Bg5 42. Qh3 Rb1 43. Qxh6 Bxh6 44. Bd2 Bxe3 45. Bc2 Rg1+ 46. Kh2 Bxd2
47. Kxg1 Bxc3 48. Ra3 Bd4+ 49. Kh2 g6 50. f6 Ke8 51. Bd1 Kd7 52. Bg4+ Kc6 53.
Rh3 d5 54. Be6 dxe4 55. Bxf7 e3 56. Be8+ Kd5 57. f7 e2 58. f8=Q e1=Q 59. Qf7+
Ke4 60. Qf3# 1-0

[Event "Detroit (Pan Am/4)"]
[Site "?"]
[Date "1992.??.??"]
[Round "?"]
[White "Tracz, J."]
[Black "Marinelli, Philip"]
[Result "0-1"]
[WhiteElo "1690"]
[BlackElo "1920"]
[PlyCount "94"]
[EventDate "1992.??.??"]

1. d4 Nf6 2. Bg5 Ne4 3. Bf4 c5 4. Nd2 Nxd2 5. Qxd2 cxd4 6. Qxd4 Nc6 7. Qd2 d6
8. e4 h6 9. Bd3 g5 10. Be3 Bg7 11. c3 Ne5 12. Ne2 Nxd3+ 13. Qxd3 Bd7 14. h4 g4
15. Nf4 Qa5 16. Qd2 Rc8 17. O-O Bb5 18. Rfe1 Bd7 19. Nd5 Rc4 20. Bf4 Be6 21.
Rad1 Bxd5 22. exd5 Qc7 23. Re2 h5 24. Rde1 Bf6 25. Bg5 Be5 26. Rxe5 dxe5 27.
Qe2 f6 28. Be3 a5 29. Bb6 Qc8 30. Bxa5 Rc5 31. Bb4 Rxd5 32. Qe4 Qe6 33. c4 Rd4
34. Qxb7 Rxc4 35. Rd1 Kf7 36. Rd7 Re8 37. Ba3 f5 38. Rd6 Qc8 39. Rd7 Qxb7 40.
Rxb7 Rc1+ 41. Kh2 Rc2 42. Kg1 Rc1+ 43. Kh2 Ra1 44. b4 Rxa2 45. Bc1 f4 46. f3
g3+ 47. Kh3 Rc8 0-1

[Event "Detroit (Pan Am/1)"]
[Site "?"]
[Date "1992.??.??"]
[Round "?"]
[White "Tracz, J."]
[Black "Iverson, B."]
[Result "1-0"]
[WhiteElo "1690"]
[BlackElo "1640"]
[PlyCount "87"]
[EventDate "1992.??.??"]

1. d4 e6 2. c4 Nf6 3. Nc3 c5 4. d5 exd5 5. cxd5 d6 6. e4 g6 7. Nf3 Bg4 8. h3
Bxf3 9. Qxf3 Bg7 10. Bf4 a6 11. Bd3 O-O 12. O-O Qc7 13. Rfe1 Nbd7 14. Rac1 Rfe8
15. Qd1 Ne5 16. Bh2 b5 17. f4 Nxd3 18. Qxd3 c4 19. Qf3 Nd7 20. a4 b4 21. Nd1 a5
22. Kh1 f6 23. Bg1 Rac8 24. Bd4 Nb6 25. Ne3 Nxa4 26. Rxc4 Qe7 27. Rxc8 Rxc8 28.
Ra1 Nc5 29. Rxa5 Nb3 30. Ra7 Rc7 31. Rxc7 Qxc7 32. Qd1 Nxd4 33. Qxd4 Qc1+ 34.
Kh2 f5 35. e5 h5 36. Nc4 Bh6 37. g3 Qe1 38. Nxd6 Qe2+ 39. Kg1 Qe1+ 40. Kg2 Qe2+
41. Qf2 Qa6 42. Kf3 Bf8 43. Qe2 Bxd6 44. Qxa6 1-0

[Event "Ann Arbor (Holiday Op)"]
[Site "?"]
[Date "1992.??.??"]
[Round "?"]
[White "Tobias, Philip"]
[Black "Collins, L."]
[Result "1-0"]
[WhiteElo "1605"]
[BlackElo "1605"]
[PlyCount "29"]
[EventDate "1992.??.??"]

1. e4 e5 2. f4 exf4 3. Nf3 d6 4. Nc3 Nf6 5. d4 Bg4 6. Bxf4 Be7 7. h3 Bxf3 8.
Qxf3 Nc6 9. O-O-O Qd7 10. d5 Ne5 11. Bxe5 dxe5 12. Bb5 c6 13. dxc6 Qc7 14.
cxb7+ Nd7 15. bxa8=Q+ 1-0

[Event "Flint (Class DE/1)"]
[Site "?"]
[Date "1992.??.??"]
[Round "?"]
[White "Tillery, G."]
[Black "Pontoni, M."]
[Result "1-0"]
[WhiteElo "1605"]
[BlackElo "1605"]
[PlyCount "64"]
[EventDate "1992.??.??"]

1. e4 e5 2. Nf3 Nc6 3. Bb5 Nf6 4. O-O Be7 5. Nc3 O-O 6. h3 Nd4 7. Nxe5 Nxb5 8.
Nxb5 Nxe4 9. d4 c5 10. c3 a6 11. Na3 b5 12. Nc2 Re8 13. Qf3 f5 14. Qxf5 Nf6 15.
Qd3 Bb7 16. f3 Bd6 17. Re1 Qc7 18. f4 Bxe5 19. fxe5 Nd5 20. Rf1 Qc6 21. Rf3 Rf8
22. Kh2 Rxf3 23. Qxf3 Rf8 24. Qg3 Nf4 25. Bxf4 Rxf4 26. dxc5 Re4 27. Qg5 Rf4
28. Ne3 Rf8 29. b4 h6 30. Qg3 Rf7 31. Ng4 Re7 32. Nf6+ Kf7 1-0

[Event "Flint (Class DE/5)"]
[Site "?"]
[Date "1992.??.??"]
[Round "?"]
[White "Tillery, G."]
[Black "Garfield, G."]
[Result "0-1"]
[WhiteElo "1605"]
[BlackElo "1605"]
[PlyCount "98"]
[EventDate "1992.??.??"]

1. e4 e5 2. Nf3 Nc6 3. Bb5 Nf6 4. Nc3 Bb4 5. d3 Bc5 6. h3 a6 7. Bxc6 dxc6 8.
O-O Nh5 9. Ne2 Qf6 10. Kh1 Bxh3 11. gxh3 Qxf3+ 12. Kh2 Bxf2 13. Rg1 Bxg1+ 14.
Kxg1 Ng3 15. Nc3 Qh1+ 16. Kf2 Qh2+ 17. Ke3 Qxh3 18. Qe1 Nh1+ 19. Ke2 Ng3+ 20.
Kd1 Qg4+ 21. Ne2 Nxe2 22. Qxe2 Qxe2+ 23. Kxe2 h5 24. Bd2 h4 25. Rh1 f6 26. Kf2
g5 27. Bb4 O-O-O 28. Kf3 Rdg8 29. Kg4 Rg7 30. Rh3 b6 31. a4 c5 32. Bd2 Rd7 33.
a5 c4 34. axb6 cxb6 35. Bc3 cxd3 36. Rxd3 Rxd3 37. cxd3 Kd7 38. d4 exd4 39.
Bxd4 b5 40. Bxf6 Rh6 41. Be5 Ke6 42. Bh2 a5 43. Kxg5 Rh8 44. Kg4 a4 45. Kf3 b4
46. Ke2 a3 47. bxa3 bxa3 48. Bf4 a2 49. Bd2 a1=Q 0-1

[Event "Flint (Class DE/2)"]
[Site "?"]
[Date "1992.??.??"]
[Round "?"]
[White "Tillery, G."]
[Black "Barker, Scott"]
[Result "0-1"]
[WhiteElo "1605"]
[BlackElo "1605"]
[PlyCount "104"]
[EventDate "1992.??.??"]

1. e4 e5 2. Nf3 Nf6 3. Nc3 Bb4 4. d3 Nc6 5. Bd2 Bxc3 6. Bxc3 d6 7. Be2 Bg4 8.
h3 Bh5 9. O-O O-O 10. Bd2 h6 11. g4 Bg6 12. c3 d5 13. Qc2 dxe4 14. dxe4 Nxe4
15. Qc1 Qd6 16. Rd1 Rfd8 17. Bxh6 Qc5 18. Rxd8+ Rxd8 19. Be3 Qd6 20. Qe1 Qe6
21. b3 a6 22. Rd1 Rxd1 23. Bxd1 f5 24. Be2 Ne7 25. Nh2 c6 26. f3 Nf6 27. Qd2 f4
28. Bc5 Kf7 29. c4 b5 30. Qd6 Qxd6 31. Bxd6 Ke6 32. Bxe7 Kxe7 33. Nf1 e4 34.
Nd2 e3 35. Nf1 Nd7 36. Nh2 Ne5 37. Kf1 Bd3 38. cxb5 Bxe2+ 39. Kxe2 axb5 40. g5
c5 41. Ng4 Ke6 42. Nxe5 Kxe5 43. a4 b4 44. a5 Kd6 45. h4 c4 46. bxc4 b3 47. c5+
Kxc5 48. a6 Kb6 49. h5 b2 50. h6 b1=Q 51. hxg7 Qb2+ 52. Kf1 Qxg7 0-1

[Event "Detroit (Pan Am/4)"]
[Site "?"]
[Date "1992.??.??"]
[Round "?"]
[White "Thurman, John"]
[Black "Youngs, H."]
[Result "1/2-1/2"]
[WhiteElo "1730"]
[BlackElo "1605"]
[PlyCount "32"]
[EventDate "1992.??.??"]

1. e4 e5 2. Nf3 Nf6 3. Nxe5 Nxe4 4. d4 d6 5. Nf3 Bg4 6. Be2 Nc6 7. O-O d5 8. c3
Bd6 9. Ne5 Bxe2 10. Qxe2 Nxe5 11. dxe5 Bxe5 12. Nd2 O-O 13. Nxe4 dxe4 14. Qxe4
Re8 15. Bf4 Bxf4 16. Qxf4 Re2 1/2-1/2

[Event "Detroit (Pan Am/3)"]
[Site "?"]
[Date "1992.??.??"]
[Round "?"]
[White "Thurman, John"]
[Black "Moore, Deane"]
[Result "1-0"]
[WhiteElo "1730"]
[BlackElo "1605"]
[PlyCount "65"]
[EventDate "1992.??.??"]

1. e4 e5 2. Nf3 d6 3. d4 exd4 4. Nxd4 h6 5. Nc3 Nf6 6. Be2 a6 7. f4 d5 8. e5
Ne4 9. Nxe4 dxe4 10. O-O Bc5 11. Be3 Nc6 12. c3 f6 13. Bh5+ Kf8 14. Qb3 Qe7 15.
Kh1 Bxd4 16. cxd4 b6 17. Qd5 Bb7 18. Qxe4 Nd8 19. Qg6 Qe6 20. Rac1 Rc8 21. Bg4
Qe7 22. Bxc8 Bxc8 23. d5 Bb7 24. d6 cxd6 25. Bxb6 Nc6 26. Rfd1 h5 27. Rxd6 Rh6
28. Qf5 Nxe5 29. fxe5 Qf7 30. Rd8+ Qe8 31. Bc5+ Kf7 32. e6+ Qxe6 33. Rf8# 1-0

[Event "Detroit (Pan Am/1)"]
[Site "?"]
[Date "1992.??.??"]
[Round "?"]
[White "Thurman, John"]
[Black "Metzelaar, J."]
[Result "0-1"]
[WhiteElo "1730"]
[BlackElo "1730"]
[PlyCount "76"]
[EventDate "1992.??.??"]

1. e4 c5 2. Nf3 d6 3. d4 cxd4 4. Nxd4 Nf6 5. Nc3 g6 6. f3 Bg7 7. Be3 O-O 8. Qd2
Nc6 9. O-O-O Bd7 10. Be2 a6 11. g4 Rc8 12. h4 Nxd4 13. Bxd4 Qa5 14. Kb1 Be6 15.
Nd5 Qxd2 16. Nxe7+ Kh8 17. Rxd2 Rc7 18. Nd5 Nxd5 19. Bxg7+ Kxg7 20. exd5 Bc8
21. c4 h6 22. b4 b6 23. Bd3 Re8 24. g5 h5 25. Re2 Rxe2 26. Bxe2 Bf5+ 27. Kb2
Re7 28. Rh2 Re3 29. Rf2 f6 30. c5 bxc5 31. bxc5 dxc5 32. Bxa6 fxg5 33. hxg5 Kf8
34. Bb5 Ke7 35. a4 Kd6 36. a5 Bd3 37. a6 Bxb5 38. a7 Re8 0-1